Jak se dívat na grafiku

Bibliographic Details
Main Author: Houra, Miroslav, 1933-2006 (Author)
Format: Book
Language:Czech
PhysicalDescription:199 s., XX s. obraz. príl. ilustr. 20 cm
Published: Praha Státní pedagogické nakladatelství 1971
Edition:1. vyd.
Subjects:

MARC

LEADER 00000nam a2200000 a 4500
001 vtls008298832
003 SK-MaSNL
005 20260302074150.0
008 240315s1971 xr a 010 0 cze
040 |a SNK  |b slo  |c SNK  |e AACR2 
041 0 |a cze 
044 |a xr  |c CZ 
072 7 |a 76  |x Grafika. Grafické umenie  |2 konspekt 
080 |a 76  |2 2011 
080 |a 745/749.05  |2 2011 
080 |a (0.062)  |2 2001 
100 1 |a Houra, Miroslav,  |d 1933-2006  |4 aut  |9 237959 
245 1 0 |a Jak se dívat na grafiku  |c Miroslav Houra 
250 |a 1. vyd. 
260 |a Praha  |b Státní pedagogické nakladatelství  |c 1971 
300 |a 199 s., XX s. obraz. príl.  |b ilustr.  |c 20 cm 
366 |e 6000 výt. 
500 |a Viazaná 
650 0 7 |a grafika  |2 SNKPH  |9 814 
650 0 7 |a úžitkové umenie  |2 SNKPH  |9 87431 
650 0 7 |a Prints  |2 SNKPHeng  |9 294897 
650 0 7 |a Applied art  |2 SNKPHeng  |9 267117 
655 7 |a populárno-náučné publikácie  |2 SNKPH  |9 70460 
655 7 |a Popular works  |2 SNKPHeng  |9 90287 
852 |a Akadémia umení v Banskej Bystrici 
852 |a Štátna vedecká knižnica v Banskej Bystrici 
958 |a SV 
958 |a OND 
999 |c 1163948  |d 1165878 
952 |a SNK  |b SNK  |y VYP  |7 0  |p 17A0708430  |o snkIC 48823 D1  |i snkKIP 4712/71  |0 0  |1 1  |4 0  |d 2011-07-25  |l 0  |r 2026-02-24 20:43:24  |w 2026-02-24 
952 |a SNK  |b SNK  |y VYP  |7 0  |p 17A0483915  |o snkIC 48823  |i snkKIP 4711/71  |3 Rekatalogizácia  |0 0  |1 0  |4 0  |d 2005-09-22  |l 0  |r 2026-02-24 20:43:24  |w 2026-02-24